| 000 | 01159nam a2200241 i 4500 | ||
|---|---|---|---|
| 001 | 161255 | ||
| 003 | ES-MaACL | ||
| 005 | 20240528160955.0 | ||
| 008 | 990611s1862 sp |||| | spa d | ||
| 040 |
_aCCPB | B _bspa _cCCPB | B |
||
| 080 | _a821.134.2-17"18" | ||
| 100 | 1 |
_aPalacio, Manuel del, _d1831-1906 _988370 |
|
| 245 | 1 | 0 | _aFunción de desagravios que hace en obsequio de las Bellas Artes un acólito del Templo de las Letras, conocido en el siglo por Manuel del Palacio. |
| 260 |
_aMadrid : _bCentro General de Administración, _c1862. |
||
| 300 |
_a58, [4] p. ; _c15 cm. |
||
| 530 | _aDisponible también en sitio web. | ||
| 852 |
_aES-MaACL _jFOLL-Laf-583 _cDEPOF _hLegado: M. de la Fuente _9167300 _fSello en tinta en portada: "Ateneo de Madrid. Biblioteca" _fSello en tinta en portada: "Ateneo de Madrid. Legado M. de la Fuente" _xSin encuadernar |
||
| 856 |
_uhttp://bdh-rd.bne.es/viewer.vm?id=0000060054&page=1 _yVersión en línea _zBiblioteca Digital Hispánica |
||
| 903 |
_969535 _aLafuente, Modesto, _q1 _d1806-1866 _ednr |
||
| 942 |
_2udc _cFOLLETOS |
||
| 999 |
_c161255 _d161255 |
||